| 000 | 00849cad a22002055a 4500 | ||
|---|---|---|---|
| 001 | L159165 | ||
| 008 | 120829s2014 xxk f 000 0 eng d | ||
| 035 | _a(Sirsi) u159165 | ||
| 041 | 0 | _aeng | |
| 245 | 0 | 0 |
_aCrowd funding the next housing market liquidity shock _h[electronic resource] |
| 260 |
_aLondon _bRICS _c2014 |
||
| 490 | 0 | _aRICS Economics Discussion Paper | |
| 520 | _aBuy-to-let (BTL) equity based crowd funding is embryonic at the moment, but a combination of cyclical and structural factors may propel it into the mainstream as an alternative savings vehicle. | ||
| 650 | 2 | 4 | _aCROWDFUNDING |
| 650 | 2 | 4 | _aCROWDSOURCING |
| 651 | 4 |
_aUnited Kingdom _y |
|
| 690 |
_aPlanning and development _96259 |
||
| 856 | 4 | 0 |
_uhttps://www.rics.org/Global/RICS-crowd-funding-BTL.pdf _zView the main report free of charge at www.rics.org |
| 942 | _n0 | ||
| 999 |
_c115715 _d115715 |
||